000 00355nam a2200109Ia 4500
008 180315s9999 xx 000 0 und d
020 _a9781433821363
100 _aSarnat, Joan E.
245 _aSupervision essentials for psychodynamic psychotherapies :
260 _aWashington, D.C :
_b2016
_cAmerican Psychological Association
300 _axiii, 170 pages
999 _c356326
_d356326